书目信息 |
| 题名: |
神奇的化学
|
|
| 作者: | 韩泰伦 编 | |
| 分册: | ||
| 出版信息: | 呼和浩特 内蒙古人民出版社 2004.04 |
|
| 页数: | 166页 | |
| 开本: | 20cm | |
| 丛书名: | 21世纪青少年科学素质教育全书 | |
| 单 册: | ||
| 中图分类: | O6-49 | |
| 科图分类: | ||
| 主题词: | 化学 | |
| 电子资源: | ||
| ISBN: | 7-204-06381-3 | |
| 000 | 00628nam0 2200217 450 | |
| 001 | 0756067233 | |
| 005 | 20070328154924.73 | |
| 010 | @a7-204-06381-3@dCNY16.00 | |
| 100 | @a20070328d2004 km y0chiy0120 ea | |
| 101 | 0 | @achi |
| 102 | @aCN@b150000 | |
| 200 | 1 | @a神奇的化学@Ashen qi de hua xue@f韩泰伦等编@Fhan tai lun deng bian |
| 210 | @a呼和浩特@c内蒙古人民出版社@d2004.04 | |
| 215 | @a166页@d20cm | |
| 225 | 2 | @a21世纪青少年科学素质教育全书 |
| 410 | 0 | @12001 @a21世纪青少年科学素质教育全书 |
| 606 | 0 | @a化学 |
| 690 | @aO6-49@v3 | |
| 701 | 0 | @a韩泰伦@Ahan tai lun@4编 |
| 801 | 0 | @aCN@c20070328 |
| 905 | @a10447@dO6-49@eH093 | |
| 神奇的化学/韩泰伦等编.-呼和浩特:内蒙古人民出版社,2004.04 |
| 166页;20cm.-(21世纪青少年科学素质教育全书) |
| ISBN 7-204-06381-3:CNY16.00 |
| ● |
| 相关链接 |
|
|
|
正题名:神奇的化学
索取号:O6-49/H093
 
预约/预借
| 序号 | 登录号 | 条形码 | 馆藏地/架位号 | 状态 | 备注 |
| 1 | 448094 | 204480944 | 自科库401/401自科库 61排4列3层/ [索取号:O6-49/H093] | 在馆 | |
| 2 | 448095 | 204480953 | 自科库401/401自科库 61排4列3层/ [索取号:O6-49/H093] | 在馆 | |
| 3 | 448096 | 204480962 | 自科库401/401自科库 61排4列3层/ [索取号:O6-49/H093] | 在馆 |